Marketingové aktivity incomingovej cestovnej kancelárie bakalárska práca

Salvato in:
Dettagli Bibliografici
Autore principale: Biliková, Nikola
Ente Autore: Podnikovohospodárska fakulta EU so sídlom v Košiciach. Katedra marketingu a obchodu
Altri autori: Ručinský, Rastislav
Natura: Libro
Lingua:slovacco
Pubblicazione: Košice 2012
Tags: Aggiungi Tag
Nessun Tag, puoi essere il primo ad aggiungerne!!

MARC

LEADER 00000nbm a2200000 4500
001 0155523
005 20161109111857.6
041 0 |a slo 
044 |a SK 
245 1 0 |a Marketingové aktivity incomingovej cestovnej kancelárie  |b bakalárska práca  |c Nikola Biliková ; školiteľ: Rastislav Ručinský 
264 1 |a Košice  |c 2012 
300 |a 61 s. 
100 1 |a Biliková, Nikola 
700 1 |a Ručinský, Rastislav 
710 2 |a Podnikovohospodárska fakulta EU so sídlom v Košiciach. Katedra marketingu a obchodu